000 00697nab a2200193 4500
001 244442
003 OSt
005 20260223094212.0
007 tu
008 260223s2020|||||||
040 _aDE-2950
_cDE-2950
245 0 0 _aEin Ort des lebenslangen Lernens
_bVolkshochschule. Leiterin Elisabeth Lüdeking macht aus ihren Sorgen über geplante Sparmaßnahmen keinen Hehl. 12.000 Menschen nahmen im vorigen Jahr an den Kursen und Veranstaltungen teil/
_cJörg Kotterba
264 _c2025
653 _aFrankfurt (Oder)
653 _aVolkshochschule
653 _aFinanzierung
773 0 _g37. Jahrgang (2026) Nr. 42 vom 19.02.2026 , S. 18 mit Fotos
_tMärkische Oderzeitung
942 _2z
_cA
999 _c374310
_d374310